000 00378pam a2200145a 44500
008 230405s xxu||||| |||| 00| 0 eng d
041 _aENG
100 _aDARWESH J L
245 _aPRACTICAL PHYSIOLOGY MADE EASY CLINICALS AND HAEMATOLOGY
250 _a1 2000
260 _aCALCUTTA
_bNATIONAL BOOK CENTRE CALCUTTA
_c
300 _a102
650 _aPHARMACOLOGY
906 _a1617
999 _c276888
_d276888